000 00666cab a2200277 4500
001 ABS60335
008 090401t1999 xxu||||| |||| 00| 0 eng d
035 _a(Sirsi) u92326
041 _aeng
100 _aWonnacott, M.
245 _aFlawed judgment
260 _c1999
350 _a0
490 _aEstates Gazette
_v(9911) 20 March 1999, 165(1)
650 _aDUTTON V MANCHESTER AIRPORT PLC
650 _aEVICTION
650 _aLICENSEES OF LAND
650 _aNUISANCE
650 _aOCCUPATION OF LAND
650 _aPOSSESSION ORDER
650 _aRECOVERY OF LAND
650 _aTRESPASS
690 _aLAW
942 _n0
948 _c24/03/1999
999 _c58545
_d58545